00258nam a2200097Ia 4500008004100000100001700041245003900058260003700097300000800134650001800142191201s2003 xx 000 0 und d aSONI, Suresh 0aBharat Me Vighan Ki Uggwal Parmpra aN. delhibArchna Prakashanc2003 a192 aGeneral Books